| 000 | 00555cam a22001934a 4500 | ||
|---|---|---|---|
| 005 | 20250605163607.0 | ||
| 008 | 250528s ||||||||||||||||||||||||d | ||
| 035 | _a22411 | ||
| 020 | _a9789603433071 | ||
| 040 |
_aGR-AtMCL _bgre _dGR-AtMCL _eAACR2 |
||
| 245 | 1 | _aΘΕΜΑΤΑ ΟΙΚΟΝΟΜΙΚΗΣ ΤΩΝ ΕΠΙΧΕΙΡΗΣΕΩΝ ΤΟΜΟΣ Β | |
| 250 | _a2 | ||
| 260 |
_bΑδελφοι Κυριακιδη, _c1999 |
||
| 300 | _a610 | ||
| 700 | 1 | _aΤσακλαγκανος Αγγελος Α | |
| 942 | _cBK | ||
| 999 |
_c7464 _d7464 |
||